00378 2200157 4500001002100000005001500021035002000036245004700056100001900103300001200122260003400134082000800168084001400176020001800190990001200208INLIS00000000000162620250428011926 a0010-04250000421 aDari Mana Masuknya Setan /cAbdul Hamid A.0 aAbdul Hamid A. a248 hlm aJakarta :bGema Insani,c2005 a200 a200 ABD d a979-561-971-3 a0754705